| 000 | 00540nam a2200193Ia 4500 | ||
|---|---|---|---|
| 001 | 66858 | ||
| 008 | 150514s9999 xx 000 0 und d | ||
| 020 | _aNA | ||
| 040 | _cPK-LaUMT | ||
| 082 |
_aMAL 333.79095491 _bENE- |
||
| 100 | _aKarimullah | ||
| 245 |
_aEnergy and its development (with speical reference to Pakistan) _cKarimullah|[et al, ] |
||
| 260 |
_aIslamabad,Pakistan: _bPakistan Academy of Sciences, _c1982 |
||
| 300 | _a136 p. | ||
| 546 | _aEN | ||
| 650 | _aPakistan-energy resources | ||
| 700 | _a[et al, ] | ||
| 942 | _cBK | ||
| 999 |
_c71686 _d71686 |
||